000 00822nam0a22002171 4500
001 rc\319157
005 20250621034038.0
035 _a(NLR Aleph) 005553840
090 _a5839138
_c5839138
100 _a20030307d1990 |||y0rusy50 ca
101 0 _arus
102 _aRU
105 _ay |||||||||
200 1 _aИздания национальной библиографии за рубежом
_eСправ. пособие
_fГос. ком. СССР по печати, Науч.-произв. об-ние "Всесоюз. кн. палата"
_g[Сост.: А.А. Джиго, к. филол. н., К.М. Сухоруков, к. ист.н.]
210 _aМ.
_cБ. и.
_d1990
215 _a[1], 42 с.
_d20
801 0 _aRU
_bNLR
_gpsbo
801 1 _aRU
_bELAR
_2rusmarc
852 _aNLR
_bС
_jК-1/5319
942 _cBOOK
980 _aNB